Soil mechanics and foundations (Record no. 11614)
[ view plain ]
| 000 -LEADER | |
|---|---|
| fixed length control field | 00502cam a22001691 4500 |
| 040 ## - CATALOGING SOURCE | |
| Transcribing agency | OAkU |
| 082 ## - DEWEY DECIMAL CLASSIFICATION NUMBER | |
| Classification number | 624 C.E 1968 A038 Co. |
| 100 1# - MAIN ENTRY--AUTHOR NAME | |
| Personal name | Parcher, James V. |
| 245 10 - TITLE STATEMENT | |
| Title | Soil mechanics and foundations |
| 260 ## - PUBLICATION, DISTRIBUTION, ETC. (IMPRINT) | |
| Place of publication | [Columbus, Ohio] |
| Name of publisher | C.E. Merrill |
| Year of publication | [1968] |
| 300 ## - PHYSICAL DESCRIPTION | |
| Number of Pages | xvi, 573 p. |
| Other physical details | illus. |
| Dimensions | 24 cm. |
| 500 ## - GENERAL NOTE | |
| General note | "Logical sequel to Physical properties of soils [by R.E. Means and J.V. Parcher]" |
| 650 #0 - SUBJECT ADDED ENTRY--TOPICAL TERM | |
| Topical Term | Soil mechanics. |
| 650 #0 - SUBJECT ADDED ENTRY--TOPICAL TERM | |
| Topical Term | Foundations. |
| 700 1# - ADDED ENTRY--PERSONAL NAME | |
| Personal name | Means, R. E. |
| 942 ## - ADDED ENTRY ELEMENTS (KOHA) | |
| Koha item type | សៀវភៅភាសាអង់គ្លេស |
| 952 ## - LOCATION AND ITEM INFORMATION (KOHA) | |
| Withdrawn status [LOCAL, KOHA] | 0 |
| Permanent Location | Date acquired | Koha item type | Lost status | Shelving location | Barcode | Current Location | Full call number |
|---|---|---|---|---|---|---|---|
| Library Block A | 2017-08-04 | សៀវភៅភាសាអង់គ្លេស | A038 | A09959 | Library Block A | 624 C.E 1968 A038 Co. |